000 00943nam a2200277 i 4500
003 DO-SdBNP
005 20260630135946.0
007 ta
008 210906b2007 ag ||||| |||| 00| f spa d
020 _a97899871136681
040 _aDO-SdBNP
_bspa
_cBNPHU
_erda
041 _aspa
082 4 _aRD863.44
_bV443m 2007
_222
100 1 _aVeloz Maggiolo, Marcio,
_d1936-2021
_eautor
_4aut.
_91104
245 1 3 _aLa mosca soldado /
_cMarcio Veloz Maggiolo ; edición, Rafael Rodríguez-Henríquez
264 4 _aBuenos Aires, Argentina :
_bStockcero ,
_c©2007.
300 _a167 páginas ;
_c23 cm.
336 _atexto
_btxt
_2rdacontent
337 _asin mediación
_bn
_2rdamedia
338 _avolumen
_bnc
_2rdacarrier
500 _aIncluye referencias bibliográficas y notas al pie de las páginas
590 _aInventariado, 2026/BT
700 1 _aRodríguez-Henríquez, Rafael,,
_eeditor
_4ed.
_979754
910 _aBtavárez
942 _2ddc
_cLBS1
999 _c60975
_d60975